00634nam a22001937a 450000100100000000500170001000800410002701000130006802000250008104000230010605000220012910000270015124500440017826000340022230000280025691000340028495201050031899900170042300001818620200929165406.0850828s1985 fr b 000 0 fre  a85183348 a2710302217 :c95.00F aDO-SdBNPcDLCdDLC00aMLCS 85/10308 (P)1 aBourin, Jeanne.93939413aLe grand feu :broman /cJeanne Bourin. aParis :bTable ronde,cc1985. a445 p. :bmap ;c22 cm. aCatalogación por copia / LC 001050728MOaGRbGRcBDd2010-04-20iLF1l0o p18186-10r2020-06-25w2020-06-25y1ZNo se presta c17707d17707